| 000 | 01114nam a22002897a 4500 | ||
|---|---|---|---|
| 999 |
_c16674 _d16674 |
||
| 003 | EG-ScBUE | ||
| 005 | 20210606130453.0 | ||
| 008 | 120422s2008 ua|||||r|||| 000 0 ara d | ||
| 017 | _a2008/1529 | ||
| 020 | _a9772366037 | ||
| 040 |
_aEG-ScBUE _bara _erda _cEG-ScBUE _dEG-ScBUE |
||
| 043 | _aa-ua--- | ||
| 082 | 0 | 4 |
_a892.746 _bم ر ك _222 |
| 110 | 2 |
_929693 _aمركز الجمهورية للأبحاث والمعلومات، _eمؤلف. |
|
| 245 | 1 | 0 |
_a مصر 2007 : _bدفتر أحوال الوطن / _cإعداد مركز الجمهورية للأبحاث والمعلومات. |
| 246 | 3 |
_aمصر ألفان وسبعة : _bدفتر أحوال الوطن |
|
| 264 | 1 |
_aالقاهرة : _b مركز الجمهورية للأبحاث والمعلومات، _c2008. |
|
| 300 |
_a511 صفحة ؛ _c22 سم |
||
| 336 |
_2rdacontent _aنص _btxt |
||
| 337 |
_2rdamedia _aبدون وسيط _bn |
||
| 338 |
_2rdacarrier _aمجلد _bnc |
||
| 650 | 7 |
_aالمقالات العربية _zمصر _yقرن 20. _2BUEsh |
|
| 651 | _2BUEsh | ||
| 653 |
_cApril2012 _bARALIT |
||
| 655 |
_vReading book _934232 |
||
| 942 |
_2ddc _cBB |
||